Voice culture: Gyan evam prampara, Hidustani music (Record no. 27735)

MARC details
000 -LEADER
fixed length control field 00503nam a2200181Ia 4500
008 - FIXED-LENGTH DATA ELEMENTS--GENERAL INFORMATION
fixed length control field 230917s9999||||xx |||||||||||||| ||und||
020 ## - ISBN
Price RS650
040 ## - CATALOGING SOURCE
-- 249278
Original cataloging agency VIVEKANANDA LIBRARY
041 ## - Language
-- English
082 ## - DDC NUMBER
Classification number 783 M687V(2)
100 ## - MAIN ENTRY--PERSONAL NAME
Personal name Mishra, Kanta Prasad
245 #0 - TITLE STATEMENT
Title Voice culture: Gyan evam prampara, Hidustani music
250 ## - EDITION STATEMENT
Edition statement 2nd ed.
260 ## - PUBLICATION, DISTRIBUTION, ETC. (IMPRINT)
Place of publication, distribution, etc New Delhi
Name of publisher, distributor, etc Kanishka Publishers
Date of publication, distribution, etc 2018
300 ## - PHYSICAL DESCRIPTION
Pages xi, 207 p.
500 ## - GENERAL NOTE
General note 3222 02/08/2018 IBS18/80 09/08/2018 Main Budget
942 ## - ADDED ENTRY ELEMENTS (KOHA)
Koha item type Books
Holdings
Withdrawn status Lost status Damaged status Not for loan Location (home branch) Sublocation or collection (holding branch) Date acquired Koha issues (times borrowed) Koha full call number Accession No. Koha date last seen Koha item type
        VIVEKANANDA LIBRARY VIVEKANANDA LIBRARY 05/09/2018   783 M687V(2) 374586 17/09/2023 Books
        VIVEKANANDA LIBRARY VIVEKANANDA LIBRARY 05/09/2018   783 M687V(2) 374587 17/09/2023 Books
        VIVEKANANDA LIBRARY VIVEKANANDA LIBRARY 05/09/2018   783 M687V(2) 374588 17/09/2023 Books
        VIVEKANANDA LIBRARY VIVEKANANDA LIBRARY 05/09/2018   783 M687V(2) 374800 17/09/2023 Books
        VIVEKANANDA LIBRARY VIVEKANANDA LIBRARY 05/09/2018 1 783 M687V(2) 374801 05/12/2023 Books
        VIVEKANANDA LIBRARY VIVEKANANDA LIBRARY 05/09/2018   783 M687V(2) 374802 17/09/2023 Books
        VIVEKANANDA LIBRARY VIVEKANANDA LIBRARY 05/09/2018   783 M687V(2) 374803 17/09/2023 Books
        VIVEKANANDA LIBRARY VIVEKANANDA LIBRARY 05/09/2018 1 783 M687V(2) 374804 26/05/2025 Books
© Designed and Maintained by Vivekananda Library, MDU Rohtak